Główni bohaterowie Balladyny - Statystyki

Ogólne statystyki
  • Ten quiz został rozwiązany 159 razy
  • Średni wynik to 7 z 11
Statystyki odpowiedzi
Odpowiedź % Poprawnych
Balladyna
98%
Alina
96%
Kirkor
90%
Wdowa
68%
Goplana
64%
Pustelnik
62%
Skierka
56%
Chochlik
53%
Grabiec
51%
Kostryn
50%
Filon
38%
Nie znaleziono quizów pasujących do podanych kryteriów
Rozkład punktacji
Procent ludzi z każdym wynikiem
Percentyl według liczby udzielonych odpowiedzi
Twoja historia wyników
Nie rozwiązałeś tego quizu